01010nam a2200253 a 450000100060000000300080000600500170001400800410003103500190007204000350009104100080012608200250013411000460015924502040020526000790040930000210048833600260050933700280053533800270056365000320059065000470062265000340066971000530070385631BD-RjUL20250903152045.0250903s1910 nyu 000 0 eng  a(BD-RjUL)85631 aDLCcCarPdDLCd(BD-RjUL)beng aeng 223a331.31bNAC 19102 aNational child labor committee, New York.10aChild employing industries :b proceedings of the sixth annual meeting of the National child labor committee /cNational Child Labor Committee (U.S.), American Academy of Political and Social Science aPhiladelphia :b American Academy of Political and Social Science, c1910. a274 p. ;c23 cm. atextbtxt2rdacontent aunmediatedbn2rdamedia avolumebnc2rdacarrier 0aChild laborzUnited States. 0aLabor laws and legislationzUnited States. 0aChild welfarezUnited States. aAmerican Academy of Political and Social Science